00672nam a2200193 i 4500001000300000100002500003245006000028260005700088300004500145504003400190650001300224650006000237020001500297040000800312041000700320080001200327008004100339856009800380bg1 aSTRAWIŃSKI, Stefan10aEkologiczne problemy człowieka /cStefan Strawiński. aGdańsk :bWydaw. Uniwersytetu Gdańskiego,c1996. a86 s. :b2 mapy, 1 rys., wykr. ;c21 cm. aBibliogr. s. 81-83. - Indeks. 9aEkologia 9aŚrodowisko człowiekaxhigiena i ochronaxzagadnienia a8370176216 cBPK0 apl a574:504 s pl f |000 0 pol  uhttp://koha.tu.koszalin.pl/cgi-bin/koha/opac-detail.pl?biblionumber=24992yKatalog online BPK